| 000 | 00775 a2200241 4500 | ||
|---|---|---|---|
| 003 | OSt | ||
| 005 | 20180116192354.0 | ||
| 008 | 120601t xxu||||| |||| 00| 0 eng d | ||
| 010 | _a 2001052378 | ||
| 020 | _a0130959758 | ||
| 020 | _a9780130959751 | ||
| 040 | _c0 | ||
| 082 | 0 | 0 | _a745.4 |
| 100 | 1 |
_aLuecking, Stephen. _93472 |
|
| 245 | 1 | 0 |
_aPrinciples of three-dimensional design : _bobjects, space, and meaning / _cStephen Luecking. |
| 260 |
_aUpper Saddle River, N.J. : _bPrentice Hall, _cc2002. |
||
| 300 |
_avi, 154 p. : _bill. (some col.) ; _c28 cm. |
||
| 500 | _aIncludes index. | ||
| 650 | 1 | 0 |
_aDesign. _93473 |
| 650 | 1 | 0 |
_aForm (Aesthetics) _93474 |
| 942 |
_aSADA _cBK _k745.4 LUE 2002 _2ddc |
||
| 999 |
_c353035 _d353035 |
||